LDR 00685naa#a2200157#i#450# 001 EN\\bibl\19221 005 20260603035315.3 100 ## _a20260519b2026####ek#y0engy0150####ca 102 ## _aRU 200 1# _aOPTIMIZATION OF THE TEACHER-LOGOPEDIST'S CURRENT DOCUMENTATION FILLING-IN PROCESS _eConference article/thesis 210 1# _aMoscow _cAutonomous Non-Profit Educational Organization of Higher Education "Kuban Institute of Vocational Education" _d2026 215 ## _a4 с. 608 ## _aConference article/thesis _2local 675 ## _aОбщеобразовательная школа. Дошкольные учреждения. 373 _z 700 #1 _aMoskalevich _gKristina Valer'evna 856 4# _akipo.editorum.ru _u